Asbestos: the analysts' guide for sampling, analysis and clearance procedures (Record no. 104083)
[ view plain ]
| 000 -LEADER | |
|---|---|
| fixed length control field | 02184cam a2200337 4500 |
| 008 - FIXED-LENGTH DATA ELEMENTS--GENERAL INFORMATION | |
| fixed length control field | 050309n2005 000 0 eng u |
| 020 ## - INTERNATIONAL STANDARD BOOK NUMBER | |
| International Standard Book Number | 0717628752 |
| 035 ## - SYSTEM CONTROL NUMBER | |
| System control number | (Sirsi) u129011 |
| 041 ## - LANGUAGE CODE | |
| Language code of text/sound track or separate title | eng |
| 050 ## - LIBRARY OF CONGRESS CALL NUMBER | |
| Classification number | 549.66 |
| -- | 18 |
| 110 ## - MAIN ENTRY--CORPORATE NAME | |
| Corporate name or jurisdiction name as entry element | Great Britain |
| Subordinate unit | Health and Safety Executive |
| 245 ## - TITLE STATEMENT | |
| Title | Asbestos: the analysts' guide for sampling, analysis and clearance procedures |
| 260 ## - PUBLICATION, DISTRIBUTION, ETC. | |
| Place of publication, distribution, etc. | Sudbury |
| Name of publisher, distributor, etc. | HSE Books |
| Date of publication, distribution, etc. | 2005 |
| 300 ## - PHYSICAL DESCRIPTION | |
| Extent | 100p. : ill. ; 30cm. |
| 350 ## - PRICE (NR) (BK AM CF MU VM SE) [OBSOLETE] | |
| Price | 16.50 |
| 490 ## - SERIES STATEMENT | |
| Series statement | HSE Health and Safety Guidance |
| Volume/sequential designation | 248 |
| 505 ## - FORMATTED CONTENTS NOTE | |
| Formatted contents note | Quality assurance and accreditation schemes |
| 505 ## - FORMATTED CONTENTS NOTE | |
| Formatted contents note | Training and qualifications |
| 505 ## - FORMATTED CONTENTS NOTE | |
| Formatted contents note | Sampling and analysis of materials for the presence of asbestos |
| 505 ## - FORMATTED CONTENTS NOTE | |
| Formatted contents note | Sampling and analysis of airborne fibre concentrations |
| 505 ## - FORMATTED CONTENTS NOTE | |
| Formatted contents note | Site assessment for reoccupation |
| 505 ## - FORMATTED CONTENTS NOTE | |
| Formatted contents note | Supervisory work carried out by analysts |
| 505 ## - FORMATTED CONTENTS NOTE | |
| Formatted contents note | Personal protective equipment |
| 505 ## - FORMATTED CONTENTS NOTE | |
| Formatted contents note | Decontamination procedures |
| 520 ## - SUMMARY, ETC. | |
| Summary, etc. | This book provides advice and guidance for analysts involved in licensed asbestos removal and the sampling of asbestos-containing materials. This guidance is aimed at a technical audience, e.g. asbestos analysts, asbestos consultants, occupational hygienists, safety officers etc. It will also be useful to asbestos removal contractors and supervisors, employers, building owners and people with responsibility for managing properties and estates. Appendix 1 contains details of the future approved analytical method for evaluation of fibres in air. Amendments to the European Worker Protection Directive to be implemented by 2006 will replace the existing European Reference Method MDHS39/4 Asbesto fibres in air, with the WHO method. The updated method has been included to allow analysts to become familiar and train with the new method. MDHS39/4 should still be used until the new EU directive is implemented. Includes appendices, references and further information, and a glossary of acronyms. |
| 590 ## - LOCAL NOTE (RLIN) | |
| Local note | NB |
| 650 ## - SUBJECT ADDED ENTRY--TOPICAL TERM | |
| Topical term or geographic name entry element | MANAGEMENT-HEALTH AND SAFETY-HAZARDOUS SUBSTANCES-ASBESTOS |
| 650 ## - SUBJECT ADDED ENTRY--TOPICAL TERM | |
| Topical term or geographic name entry element | ASBESTOS REMOVAL |
| 690 ## - LOCAL SUBJECT ADDED ENTRY--TOPICAL TERM (OCLC, RLIN) | |
| Topical term or geographic name as entry element | BUILT ENVIRONMENT-BUILDING STANDARDS |
| 942 ## - ADDED ENTRY ELEMENTS (KOHA) | |
| Suppress in OPAC | 0 |
| Withdrawn status | Lost status | Source of classification or shelving scheme | Damaged status | Not for loan | Home library | Current library | Shelving location | Date acquired | Cost, normal purchase price | Total Checkouts | Full call number | Barcode | Date last seen | Date last checked out | Copy number | Cost, replacement price | Price effective from | Koha item type |
|---|---|---|---|---|---|---|---|---|---|---|---|---|---|---|---|---|---|---|
| Dewey Decimal Classification | London | London | Folio | 13/04/2005 | 14.02 | 2 | F549.66 HEA | 30066132 | 06/08/2019 | 26/09/2005 | 1 | 14.02 | 06/08/2019 | Book |